000
00343 a2200157 4500
001
46081
020
_a
978853760691-9
040
_c
Anchieta - Aquarius
100
_a
Parker, Nathalie Jane
240
1
0
_a
*A abelha Aninha
_l
por
245
1
0
_a
*A abelha Aninha
300
_a
362
0
_a
2008
650
4
_a
Literatura infantil
942
_c
BK
999
_c
46081
_d
46081